Propuesta de manual para el desarrollo de un producto agroindustrial aplicado a la producción de tostones pre - fritos de plátanos verdes

Presenta la propuesta de manual para facilitar los procesos en los que el objetivo principal es generar valor agregado a la producción primaria, se ejemplifica la aplicación del manual con el desarrollo del producto tostones pre - fritos de plátano verde.

Bibliographic Details
Main Author: Escorcia Pérez, María Raquel del Socorro
Other Authors: Tutor: Cruz Sánchez, Silvano
Format: Tesis Section = Libro
Language:Undetermined
Spanish
Published: Managua UNI 2013
Subjects:
LEADER 01049nam a2200229Ia 4500
008 240830s9999 xx 000 0 und d
040 |a BIBLIOTECA-RUSB/ Mon 664.804773 E74 
041 |a spa 
082 |a Mon 664.804773 E74 
100 1 |a Escorcia Pérez, María Raquel del Socorro 
245 1 0 |a Propuesta de manual para el desarrollo de un producto agroindustrial aplicado a la producción de tostones pre - fritos de plátanos verdes 
260 |a Managua  |b UNI  |c 2013 
300 |a 127 p. :il. 
502 |a Tesis (Ingeniero Químico) - UNI, 2013. 
520 3 |a Presenta la propuesta de manual para facilitar los procesos en los que el objetivo principal es generar valor agregado a la producción primaria, se ejemplifica la aplicación del manual con el desarrollo del producto tostones pre - fritos de plátano verde. 
650 7 |a TECNOLOGIA DE LOS ALIMENTOS - PLATANO 
650 7 |b  INDUSTRIAS ALIMENTICIAS 
650 7 |c  PLATANOS COMERCIO 
700 1 |a Tutor:  |b Cruz Sánchez, Silvano 
942 |c BK  |2 ddc 
991 |a TESIS 
999 |c 20746